Primo-Omo

সংরক্ষণ করুন:
গ্রন্থ-পঞ্জীর বিবরন
প্রধান লেখক: Rozzi, Sergio
বিন্যাস: অজ্ঞাত
ভাষা:ইংরেজি
প্রকাশিত: Bologna Edizioni Le Mondine 2006
ট্যাগগুলো: ট্যাগ যুক্ত করুন
কোনো ট্যাগ নেই, প্রথমজন হিসাবে ট্যাগ করুন!

MARC

LEADER 00000 a2200000 4500
005 20240717184234.0
008 240717b |||||||| |||| 00| 0 eng d
020 |a 9788890092855 
040 |c GP 
100 |a Rozzi, Sergio 
245 |a Primo-Omo 
260 |a Bologna  |b Edizioni Le Mondine  |c 2006 
942 |2 ddc  |c BK  |n 0 
952 |0 0  |1 0  |2 ddc  |4 0  |6 306_766000000000000_ROZ  |7 1  |9 1634  |a RM  |b RM  |d 2024-07-17  |l 0  |o 306.766 ROZ  |p 630  |r 2024-07-17 18:42:59  |w 2024-07-17  |y BK 
999 |c 1450  |d 1450